| 000 | 00813cam a22002531a 4500 | ||
|---|---|---|---|
| 001 | he 68000867 | ||
| 003 | DLC | ||
| 005 | 20260227111456.0 | ||
| 008 | 820630s1967 is h 000 0 heb | ||
| 010 | _ahe 68000867 | ||
| 035 | _a(OCoLC)8564824 | ||
| 040 |
_aDLC _cNNHuC _dDLC |
||
| 042 | _apremarc | ||
| 050 | 0 | 0 |
_aPJ4545 _b.C515 |
| 100 | 1 |
_aChomsky, William, _d1897-1977. |
|
| 240 | 1 | 0 |
_aHebrew, the eternal language. _lHebrew |
| 245 | 1 | 3 |
_aha-Lashon ha-ʻivrit be-darkhe hitpatḥutah / _cZev Chomski. |
| 260 |
_aJerusalem : _bR. Maas, _c1967. |
||
| 300 |
_a299, 61 p. : _bfacsims. ; _c17 cm. |
||
| 500 | _aAdded t.p.: Hebrew : the eternal language / William Chomsky. | ||
| 504 | _aIncludes bibliographical references. | ||
| 650 | 0 |
_aHebrew language _xHistory. |
|
| 740 | 0 | _aHebrew: the eternal language. | |
| 999 |
_c33128 _d33128 |
||